00807nam a2200217 a 450000100100000000500170001000800410002702000180006804000250008608200150011124501440012626000320027030000350030249000210033750000620035850500560042070000330047670000280050970000310053783000210056800004691320201002053215.0180406s2015 dr a r 000 0 spa d a9789945175134 aDO-SdBNPbspacBNPHU axxxxbxxxx00aLengua española 3 :blibro de texto, primaria 3 /cedición Elías Herrera Jerez ; ilustraciones Edmundo Castillo, Osvaldo Torres Ruiz. aSanto Domingo :bSM,c2015. a2v. :bil. ;c28 cm. +eCD-ROM1 aProyecto Conecta aLa biblioteca posee libro texto y cuaderno de estrategias0 gv.1.tLibro texto--gv.2.tCuadernos de estrategia.12aHerrera Jerez, Elías,eed.12aCastillo, Edmundo,eil.12aTorres Ruiz, Osvaldo,eil. 0aProyecto Conecta